01006nam a2200241 a 4500001001000000003000500010005001700015008004100032010001100073011001100084040000900095100003100104245019100135260004100326500006000367502010400427650004000531650004700571650003000618650002700648650001900675856007000694000113440CHAP20220329144354.0170626s2016 mx a fsm |||||||spa d a109901 a110873 cCHAP1 aEsparza Robles, Ena Melisa10aApropiación de la innovación tecnológica para un desarrollo comunitario en el truchero Truchero Ejidal San Juan Cuauhtémoc, Puebla /h[En línea]cpor Ena Melisa Esparza Robles. aChapingo, Méx. :bEl autor,c2016. aPara ver el contenido del material haga clic en la liga aTesis (M.C. en Desarrollo Rural Regional) -- UACH. Dirección de Centros Regionales Universitarios14aDesarrollo de la comunidadzPuebla.14aPisciculturaxInnovaciones tecnológicas.14aSistemas de producción.14aTruchasxProducción.14aTurismo rural. aFinding aiduhttp://10.13.5.2/tesis/sist113440.pdfzTeclea aquí